00517nam a22001457a 4500020001800000040000900018082001500027100002600042245006300068260004300131650006200174942001200236999001900248952010400267 a9780300167504 cNUST a551.46 FRA aFarndon, John 982523 aAtlas Of Oceans: bAn Ecological Survey Of Underwater Life aLondon:bYale University Press,c2021. aOcean -- Maps. Marine ecology. Ecological surveys.988858 2ddccBK c586467d586467 00102ddc4070aCEMEbCEMEcGENd2021-09-20l0o551.46 FRApCEME-50445r2021-09-20w2021-09-20yBK